000 00818nam a2200253Ia 4500
003 OSt
005 20221005105542.0
006 a|||||r|||| 00| 0
007 ta
008 221004b |||||||| |||| 00| 0 hin d
024 _a109731
037 _cTextual
040 _aCRL
_cCRL
_bhin
041 _2hin
_ahin
082 _aR693, 152Q1
100 _aतातेड़, सोहन राज
245 0 _aज्ञान रश्मियॉं
246 _aJnyān rashmiyaॉan
260 _aनई दिल्ली
_bराधा पब्लिकेशन्स भारत
_c2011
300 _a260पृ0
_ccm.
650 _aहिन्दी साहित्य
942 _hR693, 152Q1
_cTEXL
_2cc
999 _c1016151
_d1016151